Psicología, lenguaje, aprendizaje / (Registro nro. 3486)

Detalles MARC
000 -CABECERA
campo de control de longitud fija 01491nam a22002657a 4500
003 - IDENTIFICADOR DEL NÚMERO DE CONTROL
campo de control AR-RoIUNI
005 - FECHA Y HORA DE LA ÚLTIMA TRANSACCIÓN
campo de control 20210304115734.0
007 - CAMPO FIJO DE DESCRIPCIÓN FÍSICA--INFORMACIÓN GENERAL
campo de control de longitud fija ta
008 - DATOS DE LONGITUD FIJA--INFORMACIÓN GENERAL
campo de control de longitud fija 170323s1987 ag |||||r|||| 00| 0 spa d
040 ## - FUENTE DE LA CATALOGACIÓN
Lengua de catalogación spa
Centro/agencia transcriptor AR-RoIUNI
Normas de descripción aarc2
041 ## - CÓDIGO DE LENGUA
Código de lengua del texto/banda sonora o título independiente spa
080 ## - NÚMERO DE LA CLASIFICACIÓN DECIMAL UNIVERSAL
Número de la Clasificación Decimal Universal 159.953
111 2# - ENTRADA PRINCIPAL--NOMBRE DE CONGRESO/REUNIÓN
Nombre de congreso/reunión o jurisdicción como elemento de entrada Jornadas nacionales de APINEP
Número del congreso/reunión o número de parte o sección (1a :
Fecha del congreso/reunión 1986 :
Sede del congreso/Lugar de la reunión Rosario, Argentina).
245 10 - MENCIÓN DE TÍTULO
Título Psicología, lenguaje, aprendizaje /
Mención de responsabilidad, etc. APINEP.
260 ## - PUBLICACIÓN, DISTRIBUCIÓN, ETC. (PIE DE IMPRENTA)
Lugar de publicación, distribución, etc. Buenos Aires :
Nombre del editor, distribuidor, etc. Ediciones Pedagógicas,
Fecha de publicación, distribución, etc. 1987.
300 ## - DESCRIPCIÓN FÍSICA
Extensión 220 p. :
Otras características físicas il. ;
Dimensiones 22 cm
500 ## - NOTA GENERAL
Nota general Actas de las Primeras Jornadas nacionales de APINEP. Rosario, 29 y 30 de agosto de 1986.
505 1# - NOTA DE CONTENIDO CON FORMATO
Título Aprendizaje fisiológico /
Mención de responsabilidad Juan E. Azcoaga --
Título Aprendizaje del lenguaje /
Mención de responsabilidad Mónica Cerutti de Cappa --
Título Aprendizaje pedagógico /
Mención de responsabilidad Alfredo Zenoff --
Título Neuropsicología del adulto /
Mención de responsabilidad Jorge D. Fainstein --
Título Los neologismos. Aspectos neurolingüísticos /
Mención de responsabilidad Myrian Arroyo de Régoli --
Título Las perseveraciones. Implicancias entre el déficit de la comprensión verbal y las perseveraciones /
Mención de responsabilidad Susana Adela Greppi --
Título Reflexiones acerca del abordaje terapéutico de la problemática del lenguaje /
Mención de responsabilidad Brígida Graciela Lara, ... [et al.] --
Título Existencia de estructuras lingüísticas tardías que condicionan el proceso de aprendizaje (avance de una investigación en desarrollo) /
Mención de responsabilidad Norma Desinano, ... [et al.].
650 #4 - PUNTO DE ACCESO ADICIONAL DE MATERIA--TÉRMINO DE MATERIA
Término de materia o nombre geográfico como elemento inicial PSICOLOGÍA
9 (RLIN) 108
650 #4 - PUNTO DE ACCESO ADICIONAL DE MATERIA--TÉRMINO DE MATERIA
Término de materia o nombre geográfico como elemento inicial LINGÜÍSTICA
650 #4 - PUNTO DE ACCESO ADICIONAL DE MATERIA--TÉRMINO DE MATERIA
Término de materia o nombre geográfico como elemento inicial APRENDIZAJE
650 #4 - PUNTO DE ACCESO ADICIONAL DE MATERIA--TÉRMINO DE MATERIA
Término de materia o nombre geográfico como elemento inicial NEUROPSICOLOGÍA
710 2# - PUNTO DE ACCESO ADICIONAL--NOMBRE DE ENTIDAD CORPORATIVA
Nombre de entidad corporativa o nombre de jurisdicción como elemento de entrada APINEP
942 ## - ELEMENTOS DE PUNTO DE ACCESO ADICIONAL (KOHA)
Fuente del sistema de clasificación o colocación Clasificación Decimal Universal
Tipo de ítem Koha Libros
Existencias
Estado de retiro Estado de pérdida Fuente del sistema de clasificación o colocación Estado dañado Excepción de préstamo Código de colección Localización permanente Ubicación/localización actual Ubicación en estantería Fecha de adquisición Fuente de adquisición Número de inventario Total de préstamos Renovaciones totales Signatura topográfica completa Código de barras Fecha visto por última vez Fecha del último préstamo Número de copia Precio válido a partir de Tipo de ítem Koha Nota pública
    Clasificación Decimal Universal     Psicología BIBLIOTECA RIOBAMBA BIBLIOTECA RIOBAMBA BIBLIOTECA RIOBAMBA 01/12/2017 Donación 3602 2 1 159.953 API 3602 10/08/2022 01/07/2022 1 23/03/2017 Libros Donación Brígida Graciela Lara